Normal view
MARC view
- قانون دولي جنائي -- جرائم ضد الانسانية -- قانون مقارن
Entry Topical Term
001 - CONTROL NUMBER
- control field: 34314
003 - CONTROL NUMBER IDENTIFIER
- control field: JO-AjAnu
005 - DATE AND TIME OF LATEST TRANSACTION
- control field: 20230606075741.0
008 - FIXED-LENGTH DATA ELEMENTS
- fixed length control field: 230606|| aca||aabn | a|a d
040 ## - CATALOGING SOURCE
- Original cataloging agency: JO-AjAnu
- Transcribing agency: JO-AjAnu
150 ## - HEADING--TOPICAL TERM
- Topical term or geographic name entry element: قانون دولي جنائي -- جرائم ضد الانسانية -- قانون مقارن
670 ## - SOURCE DATA FOUND
- Source citation: Work cat.: (JO-AjAnu)17622: عبدالفتاح، محمد لطفى, author 34313, آليات الملاحقة في نطاق القانون الجنائي الدولي الإنساني : دراسة مقارنة